[Event "BL 8788 Lasker-Solingen"]
[Site "?"]
[Date "1987.??.??"]
[Round "?.2"]
[White "Heyken, E."]
[Black "Lau, R."]
[Result "1/2-1/2"]
[WhiteElo "2305"]
[BlackElo "2555"]
[PlyCount "100"]
[EventDate "1987.??.??"]

1. d4 Nf6 2. Nf3 e6 3. e3 b6 4. Bd3 Bb7 5. Nbd2 c5 6. O-O cxd4 7. Nxd4 a6 8. b3
Be7 9. a4 O-O 10. Nc4 d6 11. Ba3 g6 12. Be2 Ra7 13. Bf3 Ne4 14. Qe1 Nc5 15. Qb4
Bxf3 16. Nxf3 Nbd7 17. e4 Nxe4 18. Nxb6 Qxb6 19. Qxe4 d5 20. Qf4 Bxa3 21. Rxa3
Qc5 22. Ra2 Rb7 23. Rd1 Rb4 24. Qd2 Nf6 25. Ne5 Rb7 26. Qd3 Ne4 27. c4 Rfb8 28.
cxd5 Qxd5 29. Qxd5 exd5 30. Rc2 Rxb3 31. f3 Nc3 32. Rd3 Rc8 33. h3 f6 34. Ng4
Ne2+ 35. Kh2 Rxc2 36. Rxb3 Nf4 37. Rb7 Rxg2+ 38. Kh1 Rg3 39. Nxf6+ Kf8 40. Rd7
Rxh3+ 41. Kg1 Nh5 42. Nxd5 Rxf3 43. Rxh7 Nf6 44. Nxf6 Rxf6 45. Ra7 Ke8 46. Kg2
Kd8 47. Kg3 Kc8 48. Kg4 Kb8 49. Rg7 Rc6 50. Kf4 Rc4+ 1/2-1/2

[Event "BL 8788 Lasker-Solingen"]
[Site "?"]
[Date "1987.??.??"]
[Round "?.3"]
[White "Lobron, E."]
[Black "Paulsen, D."]
[Result "1-0"]
[WhiteElo "2530"]
[BlackElo "2340"]
[PlyCount "47"]
[EventDate "1987.??.??"]

1. e4 d6 2. d4 Nf6 3. Nc3 g6 4. h3 Bg7 5. Be3 b6 6. Nf3 Bb7 7. Bb5+ c6 8. Bd3
O-O 9. O-O Na6 10. Re1 c5 11. e5 Nd7 12. exd6 exd6 13. Be4 Bxe4 14. Nxe4 cxd4
15. Nxd4 Ndc5 16. Bg5 f6 17. Bf4 f5 18. Ng5 Qf6 19. Nde6 Rfe8 20. Nxg7 Rxe1+
21. Qxe1 Kxg7 22. Qd2 Nc7 23. Qxd6 h6 24. Be5 1-0

[Event "BL 8788 Lasker-Solingen"]
[Site "?"]
[Date "1987.??.??"]
[Round "?.4"]
[White "Schacht, H."]
[Black "Ostermeyer, P."]
[Result "0-1"]
[WhiteElo "2310"]
[BlackElo "2450"]
[PlyCount "78"]
[EventDate "1987.??.??"]

1. d4 Nf6 2. c4 e6 3. Nf3 Bb4+ 4. Bd2 Qe7 5. g3 Nc6 6. Bg2 Bxd2+ 7. Nbxd2 a5 8.
O-O d6 9. e4 e5 10. d5 Nb8 11. Ne1 h5 12. Nd3 h4 13. Qe2 Na6 14. b3 Bg4 15. f3
Bd7 16. Rfc1 hxg3 17. hxg3 Nh5 18. Nf1 b6 19. Qe3 Nc5 20. Nf2 Rh6 21. Rd1 Rg6
22. g4 Nf4 23. Nh3 Nxg2 24. Kxg2 Bxg4 25. fxg4 Rxg4+ 26. Kh2 Nxe4 27. Nd2 Qh4
28. Rg1 Nf6 29. Nf3 Qh5 30. Nfg5 Ke7 31. Raf1 Rh8 32. Rg3 Rxg3 33. Qxg3 Qe2+
34. Kg1 Qxa2 35. Nxf7 Kxf7 36. Ng5+ Ke7 37. Ne6 Ng4 38. Ng5 Qe2 39. Rf3 Qd1+
0-1

[Event "BL 8788 Lasker-Solingen"]
[Site "?"]
[Date "1987.??.??"]
[Round "?.5"]
[White "Schulte, O."]
[Black "Junge, R."]
[Result "1-0"]
[WhiteElo "2425"]
[BlackElo "2315"]
[PlyCount "97"]
[EventDate "1987.??.??"]

1. d4 Nf6 2. c4 c5 3. e3 e6 4. Nf3 d5 5. Nc3 Nc6 6. cxd5 exd5 7. Be2 Be7 8. O-O
O-O 9. b3 Ne4 10. Bb2 Bf6 11. Nxe4 dxe4 12. Ne5 Be6 13. Rc1 cxd4 14. Nxc6 bxc6
15. Bxd4 Bxd4 16. Qxd4 Qxd4 17. exd4 Rfd8 18. Rfd1 Rd6 19. Bc4 Bf5 20. Ba6 Rad8
21. Rc5 g6 22. Kf1 Bg4 23. Be2 Be6 24. Ke1 Kg7 25. Ra5 R8d7 26. Ra6 f5 27. g3
g5 28. Rc1 Bd5 29. Rc5 Rh6 30. b4 f4 31. Bf1 e3 32. fxe3 Rxh2 33. gxf4 gxf4 34.
b5 Re7 35. Ra3 fxe3 36. bxc6 e2 37. Rxd5 Rh1 38. Rg3+ Kf6 39. Rf3+ Kg6 40. Re5
exf1=Q+ 41. Rxf1 Rxe5+ 42. dxe5 Rh4 43. Kd2 Rd4+ 44. Kc3 Rd5 45. Kc4 Rxe5 46.
c7 Re8 47. Kd5 h5 48. Kd6 Rh8 49. Rc1 1-0

[Event "BL 8788 Zehlendorf-Bochum"]
[Site "?"]
[Date "1987.??.??"]
[Round "?.2"]
[White "Wockenfuss, K."]
[Black "Thesing, M."]
[Result "1/2-1/2"]
[WhiteElo "2415"]
[BlackElo "2355"]
[PlyCount "51"]
[EventDate "1987.??.??"]

1. d4 d5 2. Nf3 Nf6 3. c3 c5 4. e3 Nbd7 5. Nbd2 Qc7 6. Bd3 e5 7. dxe5 Nxe5 8.
Nxe5 Qxe5 9. Bb5+ Bd7 10. Bxd7+ Nxd7 11. O-O O-O-O 12. Qa4 Bd6 13. Nf3 Qh5 14.
h3 Nf6 15. Qh4 Qf5 16. c4 Rhg8 17. Qg5 Qd3 18. Ne5 Bxe5 19. Qxe5 Qxc4 20. b3
Qe4 21. Qc3 b6 22. Bb2 Kb7 23. Rfd1 Rge8 24. Rd3 d4 25. exd4 Nd5 26. Qc4
1/2-1/2

[Event "BL 8788 Zehlendorf-Bochum"]
[Site "?"]
[Date "1987.??.??"]
[Round "?.3"]
[White "Graf, J."]
[Black "Cladouras, P."]
[Result "1-0"]
[WhiteElo "2405"]
[BlackElo "2365"]
[PlyCount "85"]
[EventDate "1987.??.??"]

1. d4 Nf6 2. c4 e6 3. Nc3 Bb4 4. Bg5 h6 5. Bh4 c5 6. d5 Bxc3+ 7. bxc3 d6 8. e3
e5 9. Bd3 Nbd7 10. f4 Qe7 11. Ne2 g5 12. fxg5 Ng4 13. Ng3 Nxe3 14. Qf3 hxg5 15.
Qxe3 gxh4 16. Nf5 Qf6 17. O-O Nf8 18. Rf2 Bd7 19. Raf1 O-O-O 20. Be4 Be8 21.
Ng3 Qh6 22. Qxh6 Rxh6 23. Nf5 Rh8 24. Ng7 Ng6 25. g3 hxg3 26. hxg3 Rg8 27. Nxe8
Rdxe8 28. Rxf7 Ne7 29. Kg2 Rg5 30. Rh1 Kd8 31. Rhh7 a6 32. a4 Rg4 33. Kf3 Rgg8
34. Rh6 Nc8 35. Bf5 Ref8 36. Rxf8+ Rxf8 37. g4 Kc7 38. Rh7+ Kb8 39. Rd7 Rf6 40.
Rd8 Rxf5+ 41. gxf5 Kc7 42. Rh8 Nb6 43. f6 1-0

[Event "BL 8788 Zehlendorf-Bochum"]
[Site "?"]
[Date "1987.??.??"]
[Round "?.5"]
[White "Beckemeyer, W."]
[Black "Riedel, W."]
[Result "1/2-1/2"]
[WhiteElo "2335"]
[BlackElo "2310"]
[PlyCount "49"]
[EventDate "1987.??.??"]

1. e4 e5 2. Nf3 Nc6 3. Bb5 Nf6 4. Nc3 d6 5. d4 Bd7 6. O-O Be7 7. Bxc6 Bxc6 8.
Qd3 exd4 9. Nxd4 Bd7 10. Bf4 O-O 11. h3 Re8 12. Rad1 Qc8 13. Rfe1 c6 14. Nb3 d5
15. exd5 Bf5 16. Qd2 cxd5 17. Nxd5 Nxd5 18. Qxd5 Bxc2 19. Rc1 Qf5 20. Qxf5 Bxf5
21. Nd4 Bg6 22. Nb5 Bf6 23. b3 Rxe1+ 24. Rxe1 h6 25. Rc1 1/2-1/2

[Event "BL 8788 Zehlendorf-Bochum"]
[Site "?"]
[Date "1987.??.??"]
[Round "?.8"]
[White "Lieb, H."]
[Black "Ueter, H."]
[Result "0-1"]
[WhiteElo "2305"]
[BlackElo "2230"]
[PlyCount "126"]
[EventDate "1987.??.??"]

1. d4 Nf6 2. c4 c5 3. d5 d6 4. Nc3 g6 5. g3 Bg7 6. Bg2 O-O 7. Nf3 e6 8. O-O
exd5 9. cxd5 a6 10. a4 Re8 11. Nd2 Nbd7 12. h3 Rb8 13. Nc4 Nb6 14. Na3 Bd7 15.
Qc2 Qc7 16. Re1 Nc8 17. Rb1 b5 18. axb5 axb5 19. b4 cxb4 20. Rxb4 Nh5 21. Bb2
Nxg3 22. e3 Nf5 23. Qd2 Na7 24. Ne4 Qd8 25. Bxg7 Kxg7 26. Qb2+ f6 27. Nc2 Qe7
28. Nd4 Nxd4 29. Qxd4 Nc8 30. Rc1 Qe5 31. Rc7 Re7 32. Qd2 Bf5 33. Rc1 Ra7 34.
f4 Qe7 35. Nc3 Bd7 36. e4 Rc7 37. Bf1 Na7 38. Re1 Rbc8 39. Re3 Rc5 40. Qd4 Kg8
41. e5 fxe5 42. fxe5 Qg5+ 43. Kh2 Rf8 44. Bg2 Rf2 45. Rg3 Qxe5 46. Qxf2 Rxc3
47. Rf4 Rxg3 48. Qxg3 Nc8 49. h4 Ne7 50. Qf2 Nf5 51. Kg1 Qc3 52. Re4 Qc5 53.
Qxc5 dxc5 54. Re5 Kf7 55. d6 c4 56. Bh3 c3 57. Rc5 b4 58. Rc4 Bb5 59. Rc5 Nxd6
60. Bg2 Bc4 61. Bf1 c2 62. Bxc4+ Nxc4 63. Rxc4 b3 0-1

[Event "BL 8788 Solingen-Zehlendorf"]
[Site "?"]
[Date "1987.??.??"]
[Round "?.1"]
[White "Pritchett, C."]
[Black "Short, N."]
[Result "0-1"]
[WhiteElo "2385"]
[BlackElo "2620"]
[PlyCount "86"]
[EventDate "1987.??.??"]

1. e4 e6 2. d4 d5 3. Nc3 Bb4 4. e5 b6 5. h4 Qd7 6. h5 h6 7. Qg4 Bf8 8. a4 Nc6
9. Bb5 a6 10. Be2 Bb7 11. Nf3 O-O-O 12. Bd2 Nge7 13. Qf4 g5 14. hxg6 fxg6 15.
Nd1 Nf5 16. a5 g5 17. Qg4 b5 18. c3 Be7 19. Ne3 Rdf8 20. b4 Kb8 21. Bd3 Bc8 22.
Ke2 Qd8 23. Rh3 Ng7 24. Qg3 h5 25. Rhh1 Bd7 26. Raf1 Be8 27. Qh2 Nf5 28. Nxf5
exf5 29. Ne1 h4 30. Nc2 f4 31. f3 Bd7 32. Na1 g4 33. fxg4 Bxg4+ 34. Ke1 h3 35.
Rxf4 hxg2 36. Qxg2 Rxh1+ 37. Qxh1 Bh4+ 38. Kf1 Bg3 39. Qh6 Bxf4 40. Bxf4 Rh8
41. Qxc6 Qh4 42. Qf6 Qh1+ 43. Kf2 Qf3+ 0-1

[Event "BL 8788 Solingen-Zehlendorf"]
[Site "?"]
[Date "1987.??.??"]
[Round "?.2"]
[White "Lau, R."]
[Black "Wockenfuss, K."]
[Result "1/2-1/2"]
[WhiteElo "2555"]
[BlackElo "2415"]
[PlyCount "27"]
[EventDate "1987.??.??"]

1. e4 e5 2. Nf3 d6 3. Bc4 Nf6 4. d3 Be7 5. O-O O-O 6. c3 c6 7. Bb3 Re8 8. Re1
Bf8 9. Nbd2 h6 10. h3 c5 11. Nf1 Nc6 12. Ng3 Be6 13. Ba4 Qa5 14. Bd2 1/2-1/2

[Event "BL 8788 Solingen-Zehlendorf"]
[Site "?"]
[Date "1987.??.??"]
[Round "?.3"]
[White "Cladouras, P."]
[Black "Lobron, E."]
[Result "1/2-1/2"]
[WhiteElo "2365"]
[BlackElo "2530"]
[PlyCount "63"]
[EventDate "1987.??.??"]

1. e4 c5 2. Nf3 d6 3. d4 cxd4 4. Nxd4 Nf6 5. Nc3 Nc6 6. Bg5 e6 7. Qd2 a6 8.
O-O-O h6 9. Be3 Bd7 10. f3 Qc7 11. Kb1 b5 12. Nxc6 Bxc6 13. Bd3 Be7 14. Rhe1
Nd7 15. Ne2 Ne5 16. Bd4 Rc8 17. f4 Nxd3 18. cxd3 e5 19. Bc3 O-O 20. Ng3 Rfe8
21. Nf5 Bf8 22. Rf1 Bd7 23. g4 exf4 24. Qxf4 Bxf5 25. Qxf5 Qe7 26. Bd4 Qe6 27.
Rc1 Be7 28. Be3 Red8 29. Rxc8 Rxc8 30. Rc1 Rxc1+ 31. Bxc1 g6 32. Qxe6 1/2-1/2

[Event "BL 8788 Solingen-Zehlendorf"]
[Site "?"]
[Date "1987.??.??"]
[Round "?.4"]
[White "Ostermeyer, P."]
[Black "Vogel, R."]
[Result "1-0"]
[WhiteElo "2450"]
[BlackElo "2385"]
[PlyCount "103"]
[EventDate "1987.??.??"]

1. e4 g6 2. d4 Bg7 3. c3 d6 4. f4 Nf6 5. Bd3 O-O 6. Nf3 c5 7. dxc5 dxc5 8. e5
Nd5 9. Be4 Nb6 10. Qe2 Nc6 11. O-O f6 12. Nbd2 Qc7 13. a4 fxe5 14. a5 Nd7 15.
Qc4+ e6 16. Ng5 Nf6 17. Bxc6 Qxc6 18. fxe5 Nd7 19. Rxf8+ Nxf8 20. Qf4 Qd5 21.
Nde4 Qd1+ 22. Kf2 Qd7 23. Be3 h6 24. Nf3 Qf7 25. Qxf7+ Kxf7 26. Bxc5 Bd7 27.
Nd6+ Kg8 28. Nxb7 Bc6 29. a6 Nd7 30. Bd4 Rf8 31. Ke2 g5 32. h3 h5 33. Nxg5 Nxe5
34. Nd6 Bd5 35. b4 Ng6 36. Bxg7 Kxg7 37. g3 Rd8 38. Nge4 Ne5 39. Ra5 Nf7 40.
Nxf7 Kxf7 41. Ke3 Ke7 42. Rc5 Rf8 43. Rc7+ Kd8 44. Rxa7 Rf1 45. Nd6 e5 46. c4
Be6 47. c5 Bd5 48. b5 Rf3+ 49. Ke2 Rxg3 50. c6 Rg2+ 51. Kf1 Rc2 52. Rd7# 1-0

[Event "BL 8788 Solingen-Zehlendorf"]
[Site "?"]
[Date "1987.??.??"]
[Round "?.8"]
[White "Dueball, J."]
[Black "Lieb, H."]
[Result "1/2-1/2"]
[WhiteElo "2450"]
[BlackElo "2305"]
[PlyCount "103"]
[EventDate "1987.??.??"]

1. c4 e5 2. Nc3 Nc6 3. g3 g6 4. Bg2 Bg7 5. e3 d6 6. Nge2 f5 7. d3 Nf6 8. Rb1 a5
9. a3 O-O 10. b4 axb4 11. axb4 Ne7 12. b5 g5 13. f4 gxf4 14. exf4 Ng6 15. O-O
h5 16. Nd5 h4 17. fxe5 dxe5 18. Bg5 Qd6 19. gxh4 Nh7 20. Ng3 Nxg5 21. hxg5 Ra2
22. Qh5 Nf4 23. Rxf4 exf4 24. g6 Rf6 25. Nxf6+ Qxf6 26. Qh7+ Kf8 27. Nh5 Qd4+
28. Kh1 Ra1 29. Rf1 f3 30. Bh3 b6 31. Qxg7+ Qxg7 32. Nxg7 Rxf1+ 33. Bxf1 Kxg7
34. Kg1 Kxg6 35. Kf2 Bb7 36. Kg3 Kg5 37. h4+ Kh5 38. Bh3 f4+ 39. Kxf4 Kxh4 40.
Bf1 Kh5 41. d4 f2 42. Kg3 Kg5 43. Kxf2 Kf4 44. Bd3 Bf3 45. Bg6 Be4 46. Be8 Bd3
47. c5 Ke4 48. cxb6 cxb6 49. d5 Kxd5 50. Ke3 Bf1 51. Kd2 Kc5 52. Kc3 1/2-1/2

[Event "BL 8788 Bochum-Lasker"]
[Site "?"]
[Date "1987.??.??"]
[Round "?.1"]
[White "Berg, K."]
[Black "Keitlinghaus, L."]
[Result "1/2-1/2"]
[WhiteElo "2350"]
[BlackElo "2400"]
[PlyCount "22"]
[EventDate "1987.??.??"]

1. Nf3 e6 2. g3 d5 3. Bg2 g6 4. O-O Bg7 5. d3 c5 6. e4 Nc6 7. c3 Nge7 8. Re1 b6
9. e5 Qc7 10. Qe2 h6 11. h4 Bb7 1/2-1/2

[Event "BL 8788 Bochum-Lasker"]
[Site "?"]
[Date "1987.??.??"]
[Round "?.2"]
[White "Thesing, M."]
[Black "Heyken, E."]
[Result "0-1"]
[WhiteElo "2355"]
[BlackElo "2305"]
[PlyCount "78"]
[EventDate "1987.??.??"]

1. d4 Nf6 2. Nf3 e6 3. c4 d5 4. Nc3 Nbd7 5. cxd5 exd5 6. Bf4 Bb4 7. e3 c5 8.
Bd3 c4 9. Bc2 O-O 10. O-O Re8 11. Ne5 Qa5 12. Rc1 Bxc3 13. bxc3 Qxa2 14. h3 Qa6
15. g4 Qe6 16. f3 Nxe5 17. Bxe5 Nd7 18. Bf4 b5 19. Rb1 Qb6 20. Re1 Bb7 21. Kh2
Re7 22. Rb2 a6 23. Qb1 Nf8 24. h4 Rae8 25. Kg2 Kh8 26. Kf2 Qa5 27. Rb4 Qd8 28.
Qa1 Qb6 29. Rb2 Bc8 30. Qa3 Ne6 31. Bg3 a5 32. Reb1 b4 33. cxb4 Nxd4 34. exd4
Qxd4+ 35. Kg2 Re2+ 36. Kh1 c3 37. Ra2 Bxg4 38. Be4 R8xe4 39. fxg4 Qd3 0-1

[Event "BL 8788 Bochum-Lasker"]
[Site "?"]
[Date "1987.??.??"]
[Round "?.3"]
[White "Paulsen, D."]
[Black "Graf, J."]
[Result "0-1"]
[WhiteElo "2340"]
[BlackElo "2405"]
[PlyCount "66"]
[EventDate "1987.??.??"]

1. d4 Nf6 2. c4 g6 3. Nf3 Bg7 4. g3 O-O 5. Bg2 d6 6. O-O c6 7. Nc3 Qa5 8. e4
Qh5 9. Ng5 Qxd1 10. Rxd1 e5 11. f4 exd4 12. Rxd4 Ne8 13. Rd3 Na6 14. Be3 h6 15.
Nf3 Be6 16. Rc1 Bxc4 17. Rd2 Kh7 18. f5 gxf5 19. exf5 Nac7 20. Nd4 Nf6 21. Nxc6
bxc6 22. Bxc6 Rac8 23. Ne4 d5 24. Nd6 Rcd8 25. Nb7 Rc8 26. b3 Ba6 27. Bc5 Ne4
28. Bxf8 Nxd2 29. Bxg7 Kxg7 30. f6+ Kg6 31. Nc5 Nf3+ 32. Kf2 Ne5 33. Ba4 Ne6
0-1

[Event "BL 8788 Bochum-Lasker"]
[Site "?"]
[Date "1987.??.??"]
[Round "?.4"]
[White "Sonntag, H."]
[Black "Schacht, H."]
[Result "1-0"]
[WhiteElo "2405"]
[BlackElo "2310"]
[PlyCount "85"]
[EventDate "1987.??.??"]

1. d4 Nf6 2. c4 e6 3. Nc3 d5 4. Bg5 Be7 5. Nf3 O-O 6. e3 h6 7. Bxf6 Bxf6 8. Qc2
c5 9. dxc5 Qa5 10. O-O-O Bxc3 11. Qxc3 Qxa2 12. cxd5 exd5 13. Bd3 Nc6 14. Kd2
Qa4 15. h3 Ne7 16. Nd4 Qd7 17. Kc1 a6 18. Kb1 Qc7 19. g4 Bd7 20. Rc1 Rfc8 21.
Bf5 Bxf5+ 22. gxf5 Qe5 23. Qd3 a5 24. Rhg1 a4 25. Rg2 Ra5 26. f4 Qf6 27. Rcg1
Raxc5 28. Rxg7+ Qxg7 29. Rxg7+ Kxg7 30. f6+ Kxf6 31. Qh7 Ng6 32. Qxh6 Rc1+ 33.
Ka2 Rg1 34. Qh5 Rcc1 35. Ka3 Rc4 36. Ka2 Rcc1 37. Ka3 Rc4 38. b3 axb3 39. f5
Nf8 40. Qh8+ Ke7 41. Qe5+ Ne6 42. fxe6 Rb1 43. Nf5+ 1-0

[Event "BL 8788 Bochum-Lasker"]
[Site "?"]
[Date "1987.??.??"]
[Round "?.5"]
[White "Junge, R."]
[Black "Beckemeyer, W."]
[Result "1/2-1/2"]
[WhiteElo "2315"]
[BlackElo "2335"]
[PlyCount "200"]
[EventDate "1987.??.??"]

1. e4 c5 2. d4 cxd4 3. c3 d3 4. c4 Nc6 5. Bxd3 e6 6. Nc3 Nf6 7. Nf3 d6 8. O-O
Be7 9. Qe2 O-O 10. Rd1 Bd7 11. h3 Ne5 12. Bf4 Qa5 13. a3 Rfd8 14. b4 Nxf3+ 15.
Qxf3 Qh5 16. g4 Qh4 17. Qe3 h6 18. Bf1 Ne8 19. Bg3 Qf6 20. f4 b6 21. e5 dxe5
22. fxe5 Qg5 23. Bf4 Qh4 24. Ne4 Bf8 25. Bg2 Rac8 26. Bg3 Qe7 27. Nd6 Nxd6 28.
exd6 Qf6 29. c5 Ba4 30. Rf1 Qg6 31. Be4 Qg5 32. Qxg5 hxg5 33. Bb7 bxc5 34. Bxc8
Rxc8 35. bxc5 Rxc5 36. Rfd1 Rc3 37. Bh2 Bxd1 38. Rxd1 Bxd6 39. Bxd6 Rxh3 40.
Rc1 Rd3 41. Rc6 f5 42. gxf5 exf5 43. a4 Kf7 44. Be5 Rd7 45. Ra6 Ke8 46. Bb8 Kd8
47. Bxa7 Kc8 48. Bf2 Rd1+ 49. Kg2 Ra1 50. a5 Ra2 51. Ra8+ Kb7 52. Ra7+ Kb8 53.
Ra6 g4 54. Rb6+ Kc7 55. Rg6 Kb7 56. Rxg7+ Kc6 57. Rg6+ Kb7 58. Rb6+ Kc7 59. Rf6
f4 60. Rxf4 Rxa5 61. Rxg4 Kd7 62. Kf3 Rf5+ 63. Ke3 Ke6 64. Bg3 Ra5 65. Re4+ Kf5
66. Bd6 Rd5 67. Rf4+ Ke6 68. Bb4 Rf5 69. Rh4 Re5+ 70. Kd4 Rd5+ 71. Kc4 Rf5 72.
Bc3 Rg5 73. Re4+ Kf5 74. Kd5 Rg8 75. Re5+ Kf4 76. Bd2+ Kf3 77. Bb4 Kf4 78. Re4+
Kf3 79. Bd6 Rg5+ 80. Be5 Rg4 81. Re1 Ra4 82. Bd4 Ra8 83. Rf1+ Ke2 84. Rf2+ Kd3
85. Rf3+ Ke2 86. Rh3 Kd2 87. Ke4 Re8+ 88. Be5 Re7 89. Rh2+ Ke1 90. Kd4 Kf1 91.
Ra2 Re8 92. Ke4 Ke1 93. Ra5 Ke2 94. Rb5 Re7 95. Rb8 Kd2 96. Rb1 Ke2 97. Rb5 Re8
98. Rd5 Re7 99. Ra5 Re8 100. Ra2+ Ke1 1/2-1/2

[Event "BL 8788 Bochum-Lasker"]
[Site "?"]
[Date "1987.??.??"]
[Round "?.7"]
[White "Breutigam, M."]
[Black "Wiemer, R."]
[Result "1-0"]
[WhiteElo "2320"]
[BlackElo "2290"]
[PlyCount "83"]
[EventDate "1987.??.??"]

1. d4 e6 2. c4 f5 3. Nf3 Nf6 4. g3 d5 5. Bg2 c6 6. O-O Bd6 7. b3 Qe7 8. Bb2 b6
9. Qc1 Bb7 10. Ba3 Bxa3 11. Qxa3 Nbd7 12. Qxe7+ Kxe7 13. Nbd2 a5 14. Ne1 Ne4
15. Nxe4 fxe4 16. f3 a4 17. Nc2 exf3 18. Bxf3 axb3 19. axb3 Rxa1 20. Rxa1 Ra8
21. Rxa8 Bxa8 22. Kf2 Kd6 23. Na3 Bb7 24. h4 Ba6 25. e4 dxe4 26. Bxe4 Nf6 27.
Bf3 c5 28. Nc2 e5 29. dxc5+ Kxc5 30. g4 Bc8 31. g5 Ng4+ 32. Bxg4 Bxg4 33. b4+
Kd6 34. Ne3 Bd7 35. Kg3 Ke6 36. Nd5 Kd6 37. Nxb6 Be6 38. Kf3 Kc6 39. Nd5 Bxd5+
40. cxd5+ Kxd5 41. Ke3 h6 42. g6 1-0

[Event "BL 8788 Wattenscheid-Koblenz"]
[Site "?"]
[Date "1987.??.??"]
[Round "?.2"]
[White "Sandkamp, R."]
[Black "Andruet, G."]
[Result "0-1"]
[WhiteElo "2250"]
[BlackElo "2390"]
[PlyCount "52"]
[EventDate "1987.??.??"]

1. e4 c6 2. d4 d5 3. f3 e6 4. Nc3 Bb4 5. Bd2 dxe4 6. Nxe4 Be7 7. c3 Nf6 8. Qc2
b6 9. Bd3 Ba6 10. c4 Qxd4 11. Ne2 Qd8 12. O-O-O Nbd7 13. Bf4 Nxe4 14. Bxe4 Bb7
15. Bxh7 Bg5 16. Bxg5 Qxg5+ 17. f4 Qh6 18. Be4 O-O-O 19. Bf3 Ne5 20. Be4 Ng4
21. c5 Rxd1+ 22. Rxd1 Ne3 23. Qa4 Qh5 24. Rd2 Qxc5+ 25. Nc3 Rxh2 26. Rd4 b5 0-1

[Event "BL 8788 Wattenscheid-Koblenz"]
[Site "?"]
[Date "1987.??.??"]
[Round "?.5"]
[White "Bayer, E."]
[Black "Franke, J."]
[Result "1/2-1/2"]
[WhiteElo "2360"]
[BlackElo "2220"]
[PlyCount "65"]
[EventDate "1987.??.??"]

1. d4 c5 2. d5 d6 3. c4 e5 4. Nc3 g6 5. e4 Bg7 6. g3 Nf6 7. Bg2 O-O 8. Nge2 a6
9. a4 b6 10. O-O Ra7 11. h3 Ne8 12. f4 exf4 13. Nxf4 Nd7 14. Nd3 Ne5 15. Nxe5
Bxe5 16. Bf4 Qe7 17. Qd2 Rb7 18. Kh2 Bd7 19. Bxe5 Qxe5 20. Qf4 f6 21. Qxe5 fxe5
22. Rxf8+ Kxf8 23. Bf1 Nc7 24. Ra3 a5 25. h4 Na6 26. Bh3 Nb4 27. Bxd7 Rxd7 28.
Nb5 Nc2 29. Rf3+ Kg7 30. Rb3 Nd4 31. Rd3 Nxb5 32. axb5 Rf7 33. Kg2 1/2-1/2

[Event "BL 8788 Wattenscheid-Koblenz"]
[Site "?"]
[Date "1987.??.??"]
[Round "?.7"]
[White "Schlick, V."]
[Black "Hirsch, S."]
[Result "1/2-1/2"]
[WhiteElo "2290"]
[BlackElo "2240"]
[PlyCount "182"]
[EventDate "1987.??.??"]

1. e4 e5 2. Nf3 Nc6 3. Bb5 g6 4. c3 a6 5. Ba4 d6 6. d4 Bd7 7. Bg5 f6 8. Be3 Nh6
9. dxe5 dxe5 10. O-O Ng4 11. Bd2 Nh6 12. Qc1 Nf7 13. Be3 Be7 14. Rd1 Qc8 15.
Qd2 Nd6 16. Qd5 Nd8 17. Bxd7+ Qxd7 18. Qd3 Qb5 19. Qc2 Qc4 20. Nbd2 Qf7 21. c4
O-O 22. c5 Nb5 23. a4 Na7 24. Nc4 Nac6 25. Rd7 Ne6 26. Qb3 Rad8 27. Rxd8 Nexd8
28. Qc3 Ne6 29. Na5 Nxa5 30. Qxa5 Qe8 31. Qb4 Qc6 32. Qc4 Rd8 33. b4 Kg7 34. h4
b5 35. Qb3 Kf7 36. Qc2 Rb8 37. axb5 Rxb5 38. Qc4 Qb7 39. Bd2 c6 40. Bc3 Qc8 41.
g3 Kg7 42. h5 Bd8 43. Bd2 Bc7 44. h6+ Kf8 45. Be3 Ke7 46. Ra4 a5 47. bxa5 Rxa5
48. Rb4 Qa6 49. Nd2 Qxc4 50. Nxc4 Rb5 51. Ra4 Nxc5 52. Ra8 Ne6 53. Rh8 Nf8 54.
Kg2 c5 55. Bc1 Ba5 56. Rg8 Ne6 57. Ne3 Kf7 58. Ra8 Bd8 59. Ra7+ Kg8 60. Nd5 Rb8
61. f4 exf4 62. gxf4 c4 63. Be3 Rc8 64. f5 gxf5 65. exf5 Nc7 66. Nb6 Rb8 67.
Nxc4 Rb4 68. Nd6 Rb2+ 69. Kf3 Rb3 70. Ke4 Rb4+ 71. Bd4 Ne8 72. Nxe8 Rxd4+ 73.
Kxd4 Bb6+ 74. Ke4 Bxa7 75. Nxf6+ Kh8 76. Kd5 Be3 77. Ng4 Bg5 78. Ke6 Kg8 79.
Ke5 Kh8 80. Kd5 Kg8 81. Ke6 Kh8 82. Ne5 Kg8 83. Nf7 Bh4 84. Nd6 Bg5 85. Ne4 Bh4
86. Ke5 Kh8 87. Kd5 Bf6 88. Ke6 Bd4 89. Ke7 Be5 90. Nd6 Bd4 91. Kf7 Be5 1/2-1/2

[Event "BL 8788 Koblenz-Porz"]
[Site "?"]
[Date "1987.??.??"]
[Round "?.1"]
[White "Hort, V."]
[Black "Gutman, L."]
[Result "1/2-1/2"]
[WhiteElo "2570"]
[BlackElo "2475"]
[PlyCount "39"]
[EventDate "1987.??.??"]

1. d4 Nf6 2. c4 g6 3. Nc3 d5 4. Nf3 Bg7 5. Bg5 Ne4 6. Bh4 c5 7. cxd5 Nxc3 8.
bxc3 Qxd5 9. e3 Nc6 10. Be2 O-O 11. O-O b6 12. Qa4 Bb7 13. Rac1 e6 14. c4 Qe4
15. dxc5 bxc5 16. Rfd1 Nb4 17. Rd2 Qc6 18. Qb3 Qb6 19. h3 h6 20. Bg3 {Rest
unleserlich. Remis/28} 1/2-1/2

[Event "BL 8788 Koblenz-Porz"]
[Site "?"]
[Date "1987.??.??"]
[Round "?.2"]
[White "Andruet, G."]
[Black "Christiansen, L."]
[Result "1/2-1/2"]
[WhiteElo "2390"]
[BlackElo "2575"]
[PlyCount "119"]
[EventDate "1987.??.??"]

1. d4 Nf6 2. c4 e6 3. Nf3 b6 4. g3 Bb4+ 5. Bd2 Bxd2+ 6. Qxd2 Ba6 7. b3 O-O 8.
Nc3 d5 9. cxd5 exd5 10. Bg2 Re8 11. O-O Ne4 12. Nxe4 dxe4 13. Ne1 c5 14. Nc2
Nc6 15. Rfd1 Qf6 16. dxc5 bxc5 17. Qe3 Qe5 18. f4 exf3 19. Qxe5 Nxe5 20. exf3
Be2 21. Rd5 Nxf3+ 22. Kf2 Nxh2 23. Ne3 Ng4+ 24. Nxg4 Bxg4 25. Rg5 Re2+ 26. Kg1
Rxg2+ 27. Kxg2 f5 28. Rc1 Rc8 29. Rc4 Rc6 30. b4 h6 31. Rgxg4 fxg4 32. bxc5 Kf7
33. Kf2 Ke6 34. Rxg4 g5 35. Ra4 a6 36. g4 Kd5 37. Ra5 Kc4 38. a3 Re6 39. Kg3
Rf6 40. Kh3 Kd4 41. Kg3 Ke4 42. Ra4+ Kd5 43. Ra5 Rc6 44. Kf3 Kd4 45. Kf2 Kd3
46. Kf3 Rf6+ 47. Kg2 Ke2 48. Kg3 Ke3 49. Kg2 Kf4 50. Ra4+ Ke5 51. Ra5 Ke4 52.
Ra4+ Ke5 53. Ra5 Rc6 54. Kf3 Kd4 55. Kf2 Ke4 56. Ra4+ Ke5 57. Kg3 Rxc5 58. Rxa6
Rc3+ 59. Kg2 Kf4 60. Ra4+ 1/2-1/2

[Event "BL 8788 Koblenz-Porz"]
[Site "?"]
[Date "1987.??.??"]
[Round "?.3"]
[White "Schoen, W."]
[Black "Wolf, V."]
[Result "1/2-1/2"]
[WhiteElo "2445"]
[BlackElo "2315"]
[PlyCount "102"]
[EventDate "1987.??.??"]

1. d4 e6 2. c4 Nf6 3. Nc3 Bb4 4. e3 b6 5. Bd3 Bb7 6. Nf3 O-O 7. O-O d5 8. cxd5
exd5 9. Ne5 Bd6 10. f4 c5 11. Rf3 Nbd7 12. Rh3 g6 13. Qf3 Re8 14. Bd2 Bf8 15.
Be1 cxd4 16. exd4 Nxe5 17. fxe5 Ne4 18. Bh4 Qd7 19. Bb5 Bc6 20. Bxc6 Qxc6 21.
Rf1 Qb7 22. Qf4 Rac8 23. Re1 Nxc3 24. bxc3 Bg7 25. Rf1 Qd7 26. Bf6 h5 27. Rh4
Rc6 28. Qg5 Bxf6 29. exf6 Ree6 30. Rxh5 Rxf6 31. Rxf6 Rxf6 32. Qxf6 gxh5 33.
Qg5+ Kf8 34. Qxh5 Qb5 35. Qh6+ Kg8 36. Qg5+ Kf8 37. h4 Qb1+ 38. Kh2 Qxa2 39. h5
Qc4 40. h6 Qc7+ 41. g3 f6 42. Qxf6+ Kg8 43. Qg6+ Kh8 44. Kg2 Qe7 45. Kh3 a5 46.
Qxb6 a4 47. Qc6 a3 48. Qxd5 Kh7 49. Qa5 Qe6+ 50. Kg2 Qe2+ 51. Kh3 a2 1/2-1/2

[Event "BL 8788 Koblenz-Porz"]
[Site "?"]
[Date "1987.??.??"]
[Round "?.4"]
[White "Brueckner, T."]
[Black "Fleck, J."]
[Result "1/2-1/2"]
[WhiteElo "2400"]
[BlackElo "2385"]
[PlyCount "61"]
[EventDate "1987.??.??"]

1. d4 f5 2. Nc3 d5 3. e4 dxe4 4. Bf4 e6 5. f3 Nc6 6. Bb5 Nf6 7. fxe4 fxe4 8.
Nge2 Be7 9. Be5 O-O 10. Bxf6 Bxf6 11. Bxc6 bxc6 12. Nxe4 Ba6 13. O-O Bxd4+ 14.
Qxd4 Rxf1+ 15. Rxf1 Bxe2 16. Qxd8+ Rxd8 17. Re1 Rd1 18. Rxd1 Bxd1 19. c3 h6 20.
Kf2 Kf7 21. Ke3 e5 22. Nc5 Bc2 23. Na6 Bb1 24. a4 Ba2 25. Ke4 Bc4 26. Nc5 Kf6
27. Nd7+ Ke6 28. Nc5+ Kd6 29. Nb7+ Ke6 30. Nc5+ Kf6 31. Nd7+ 1/2-1/2

[Event "BL 8788 Koblenz-Porz"]
[Site "?"]
[Date "1987.??.??"]
[Round "?.5"]
[White "Schulz, K."]
[Black "Seul, G."]
[Result "1/2-1/2"]
[WhiteElo "2405"]
[BlackElo "2275"]
[PlyCount "29"]
[EventDate "1987.??.??"]

1. c4 e6 2. Nf3 d5 3. g3 Nf6 4. Bg2 dxc4 5. Qa4+ Nbd7 6. O-O c5 7. Qxc4 b6 8.
Rd1 Bb7 9. d4 Rc8 10. Nc3 a6 11. dxc5 Bxc5 12. Qh4 b5 13. Ne5 Bxg2 14. Nxd7
Nxd7 15. Qxd8+ 1/2-1/2